| 000 | 00535nam a2200181 i 4500 | ||
|---|---|---|---|
| 001 | 80417 | ||
| 003 | ES-MaACL | ||
| 007 | t| | ||
| 008 | 041028s1945 sp ||||1| spa d | ||
| 100 | 1 |
_aHijar Ariño, Antonio. _963661 |
|
| 245 | 1 | 0 |
_aLeucemias / _cAntonio Hijar Ariño. |
| 260 |
_aMadrid : _bAlfa, _c1945 ( _eSantander : _fAldus) |
||
| 300 |
_a160 p. : _bil. ; _c21 cm. |
||
| 490 | 1 |
_aCuadernos de medicina ; _v1 |
|
| 830 | 0 |
_aCuadernos de medicina ; _v1 _9231490 |
|
| 852 |
_aES-MaACL _jE-485 _bR.22126 |
||
| 999 |
_c80417 _d80417 |
||